[Event "43rd GM 2015"]
[Site "Dortmund GER"]
[Date "2015.06.30"]
[Round "3"]
[White "Meier, Georg"]
[Black "Caruana, Fabiano"]
[Result "0-1"]
[WhiteElo "2654"]
[BlackElo "2805"]
[EventDate "2015.06.26"]
[Annotator "Bojkov,Dejan"]
[PlyCount "102"]
[Beauty "6944848881726"]
[EventType "team-tourn"]
[EventCountry "GER"]

{[Annotations by GM Dejan Bojkov]} 
1.Nf3 d6 2.d4 g6 3.e4 Bg7 {The Modern Defense is becoming a more and more fashionable way to fight for the win with the black pieces when a higher-rated player wants to avoid the beaten tracks and take some risk against a lower-rated one. The results though are somewhat questionable.} 4.Be2 Nd7 5.c4 {Meier prefers to steer the game into the KID.} 5...e5 6.Nc3 Ne7 7.h4 h6 8.g4 {An idea by Jeroen Piket, or actually Yuri Averbakh if we're exact. This move can be called an aggressive prophylaxis.} ( {It cardinally prevents the typical kingside play possible after} 8.Be3 f5 9.dxe5 dxe5 10.g3 fxe4 11.Nxe4 Nf5 {as in Akobian,V (2626)-Mamedov,R (2645) Lubbock 2009} ) 8...Nb6 {A new move for an over-the-board game. Caruana forces his opponent to make a decision.} 9.g5 {Which is not bad for White at all. In fact he is very happy to close the kingside and to concentrate on the other wing where he is better by default.} 9...hxg5 {This is the actual novelty.} ( {An email game saw} 9...Bg4 10.dxe5 ( 10.d5 {is in the spirit of the line.} ) 10...Bxf3 11.Bxf3 Bxe5 12.Qd3 h5 13.Be3 Qd7 14.O-O-O Nc6 {with an edge for White in Ruggeri Laderchi,G-Goodman,C SEMI email 2000} ) 10.Bxg5 Bg4 {Black does not want to allow the closure of the center, but the continuation} ( 10...exd4 11.Nxd4 {leaves him no reasonable moves.} ) 11.d5 f6 {In case that Black tries to castle long with} ( 11...Qd7 $6 {he would lose a pawn:} 12.Nxe5 $1 Bxe2 13.Nxd7 Bxd1 14.Nxb6 axb6 15.Kxd1 ) ( {The pawn on c4 is untouchable as well:} 11...Bxf3 12.Bxf3 Nxc4 $2 13.Qa4+ ) 12.Be3 Bh6 {Naturally, this bishop is weaker than the one on e3 and should be traded.} 13.Qd3 Bh5 {Black can also castle long} ( 13...Bxf3 14.Bxf3 Bxe3 15.fxe3 Qd7 {although White will keep a pleasant edge thanks to the pressure on the half-open f- and g-files.} ) 14.O-O-O Kf7 15.Rdg1 Qd7 16.Bxh6 Rxh6 {It seems that Caruana did everything right: he exchanged the bad bishop, put the good bishop on the nice h5-stand, connected the rooks and yet, his position is quite unpleasant. Black lacks any realistic counterplay and the knight on b6 is very poor.} 17.Bf1 $1 {Transferring the bishop to an excellent position.} 17...Rah8 $6 {A serious inaccuracy.} ( {The computer recommends the brave} 17...Bxf3 18.Qxf3 ( 18.Bh3 f5 {transposes} ) 18...Rah8 19.Bh3 ( 19.Qg3 $5 ) 19...f5 {but a human would be terrified to open his king that easily. Still, this was Black's best chance.} ) 18.Bh3 Qd8 19.Ne1 {Now the black bishop remains empty and because of it the rooks suffer. Add to that the knight on b6 and you will understand how Caruana felt at this moment of the game.} ( 19.Nd2 $5 ) 19...c6 20.b3 {Meier is not in a hurry and slowly prepares the queenside assault.} ( 20.Kb1 $5 ) 20...Nd7 21.Qe3 cxd5 22.cxd5 ( {There is absolutely no need to allow any counterplay} 22.exd5 f5 23.Qxa7 Qc7 ) 22...Nc5 23.b4 {Meier goes for the pawn.} ( {White's position is so good that he has a choice on which site to attack:} 23.f4 $5 {for example} 23...Qb6 {(with the threat Nxb3+)} 24.Rg3 Kg7 25.Rf1 {and after some preparation, capture on e5.} ) 23...Nd7 24.Qxa7 Qc7 25.Qe3 ( 25.Be6+ $5 {looked great as well:} 25...Kg7 26.Rg3 Rc8 27.Nc2 ) 25...Nb6 26.Kb1 Kg7 {Around this point both players were very short of time.} ( {Caruana avoided the possible endgame after} 26...Nc4 27.Be6+ Kg7 28.Nb5 Nxe3 {presumably because in the line} ( 28...Qd8 29.Qd3 ) 29.Nxc7 Nd1 30.Rg2 Nc3+ 31.Kb2 {Black cannot win the pawn with} 31...Nxe4 $2 32.f3 {since the knight will be trapped.} ) 27.Nb5 Qd8 28.f3 Rf8 29.Rg2 f5 $1 {A wise, practical decision. It is time to go fishing while it is possible, or else Meier will make it to the time control and will slowly finish the game.} 30.Rc2 {The deadly threat is Nb5-c7, but Rc2-c7 is painful enough.} 30...Na8 31.Qa7 {White wins another pawn. The end is near...} 31...fxe4 32.fxe4 Rf4 33.Bg2 ( {If White had some extra minutes left he would have wrapped up the game with the stylish} 33.Qxb7 Rxe4 34.Nd3 Re3 35.Rc8 $1 ) 33...Bd1 34.Rd2 Bg4 35.Qxb7 Rf7 36.Qa6 {Only few seconds are left on the clock and White avoids any discovered attack. After the cool} ( 36.Nd3 {the game would be soon over as} 36...Nf5 37.Qc6 {leads Black nowhere.} ) 36...Nb6 37.Nd3 Nc4 38.Rc2 {It is hard to put a question mark on this move but it misses a long move backwards. This is happening quite often with experienced players (unexperienced too!). The reason? The brain is looking forward when attacking rather than backward.} ( 38.Rf2 $1 {to trade the active rook was mandatory.} ) 38...Bc8 $1 {All of a sudden, the black pieces co-operate well. The black queen gets into the game along the black squares and nothing is clear anymore.} 39.Qa8 $2 {When it rains, it pours. A very unfortunate square for the queen.} ( 39.Qa4 Ne3 40.Re2 Nxg2 41.Rxg2 Qb6 {is very unclear but way better than in the game as the queen will defend the b5-knight.} ) 39...Ne3 40.Re2 Nxg2 41.Rxg2 Qb6 {The time trouble is over and a devastated Georg Meier cannot adjust to the new situation.} 42.a4 ( 42.Nc3 Ba6 {with the threat Rh6-h8 almost traps the white queen.} ) ( {I can only speculate but it seems as White rejected the line} 42.Qa5 Qe3 43.Rd1 {because of the trick} 43...Rf1 $5 ( 43...Qxe4 {might in fact be better with a possible line} 44.Rgg1 Nf5 {when Black regains both pawns and is more active, but there is still a lot of play.} ) 44.Rxf1 Qxd3+ 45.Kb2 Qxf1 46.Rc2 {but this position is not clear at all.} ) 42...Qe3 $1 {All of a sudden, White loses the knight!} 43.Rd1 ( 43.Kc2 {does not help neither:} 43...Qxe4 44.Rhg1 Bf5 45.Rg3 Qc4+ 46.Kd2 Bxd3 47.Rxd3 Rxh4 ) 43...Rf1 ( {The computer advocates instead} 43...Qxe4 44.Rc2 Qf3 45.Rdd2 e4 46.Ne1 Qg3 {and claims that Black is much better.} ) 44.Rxf1 Qxd3+ 45.Rc2 Qxf1+ 46.Kb2 Qe1 {The culmination of the game.} 47.Qa7 $2 {White blunders for the last time.} ( {After} 47.Nc3 $1 {nothing would be clear at all.} ) 47...Qxb4+ 48.Ka2 Kf6 49.Rf2+ Nf5 50.exf5 Bxf5 51.Qa8 Rxh4 {I suspect that Meier missed from far away that the black king escapes the checks after} ( 51...Rxh4 52.Qd8+ Kg7 53.Qe7+ Kh6 54.Qf8+ Kg5 55.Qe7+ Kg4 56.Rg2+ Kh3 ) 0-1

[Event "Chess"]
[Site "Norway"]
[Date "2015.06.18"]
[Round "3.3"]
[White "Carlsen, Magnus"]
[Black "Giri, Anish"]
[Result "1/2-1/2"]
[WhiteElo "2876"]
[BlackElo "2773"]
[EventDate "2015.??.??"]
[Annotator "Bojkov,Dejan"]
[PlyCount "152"]
[Beauty "4402609929778"]
[EventType "swiss"]
[EventRounds "9"]
[EventCountry "NOR"]
[WhiteClock "0:29:13"]
[BlackClock "0:19:31"]

1.e4 c5 2.Nf3 d6 {A small surprise. Giri usually opts for 2...e6 of late.} 3.Bb5+ {The Moscow line has been used by the world champion before, but it is curious to know what the Dutchman prepared against the main lines?} 3...Nd7 4.c3 Nf6 5.Qe2 a6 6.Ba4 b5 7.Bc2 e6 8.d4 Bb7 9.O-O Be7 10.Re1 ( {Another option is} 10.a4 O-O 11.e5 $5 dxe5 12.dxe5 Bxf3 13.gxf3 Nd5 14.f4 {Svidler,P (2732)-Grischuk,A (2797) Baku 2014} ) 10...O-O 11.Nbd2 cxd4 12.cxd4 Rc8 {A novelty. Giri decided to occupy the open file with his "a" rook. Previously Black had done this only with his f-rook:} ( 12...Qc7 13.Nf1 Rfc8 14.Bd3 b4 15.Ng3 a5 {Indeed, the rook is useful on the a-file, giving Black a chance to trade the light-squared bishop via the a6-square, Rasik,V (2437) -Laznicka,V (2667) Czechia 2015} ) 13.Nf1 {White finishes the development and looks for a good moment to advance his central pawns. This will open the road of his pieces towards the black king.} 13...Re8 14.Ng3 Bf8 15.Be3 ( 15.a4 $5 {is interesting in order to weaken the black queenside pawns and make use of the fact that the rook is not on a8.} ) 15...Rc7 $6 {Giri decides to regroup in a Hedgehog way (Qd8-a8, followed by Re8-c8) but later realizes that this is simply not good.} ( 15...Nb6 {instead would be about equal.} ) 16.Bd3 {A typical Ruy Lopez idea, which prepares the a2-a4 advance.} ( 16.Rad1 Qa8 17.Bc1 Rec8 18.Bd3 {was good for White according to Giri, but there is no reason to move the rook away from the a-file.} ) ( 16.a4 {at once again makes sense:} 16...b4 17.a5 Qa8 18.Rec1 Rec8 ( {The point is that the e4 pawn is untouchable:} 18...Nxe4 $2 19.Bxe4 Rxc1+ 20.Bxc1 ) 19.Bd3 Rxc1+ 20.Bxc1 ) 16...e5 {Now the pawn structure transforms into a Ruy Lopez one, in a very favorable version for White. The black bishop is misplaced on b7.} ( {Giri disliked} 16...Qa8 17.Bd2 {and indeed, what is the queen doing on a8 after} 17...Rec8 18.a4 $1 ) 17.d5 Nc5 18.Bc2 b4 $6 {This makes things worse. Giri wants to activate the bishop with a6-a5 and Bb7-a6 but weakens too many squares in the process.} 19.a3 ( {White also had} 19.Nd2 {with the deep idea} 19...a5 20.Bxc5 $5 {a move that a GM will easily miss as we do not like giving a bishop for a knight. However, it works here as the a5-pawn hangs after} 20...Rxc5 21.Ba4 Re7 22.Nb3 Rc8 23.Nf5 Rec7 24.Nxa5 ) 19...b3 {Now this pawn is doomed. However} ( 19...bxa3 {is even worse due to} 20.b4 $1 Ncd7 21.Bd3 {and next White will win both the pawns along the a-file.} ) 20.Bxc5 Rxc5 21.Bxb3 Qb6 {Instead Giri suggested as an improved version the line} ( 21...Qc7 {in order to prevent the bishop from getting on a better position and to control the c4 pawn. After} 22.Nd2 g6 23.Ngf1 Bh6 24.Ne3 Rc8 {"Black is simply much worse, which means that I am completely lost in the game."(Giri)} ) 22.Bc4 Rec8 23.Bd3 {Carlsen won a pawn and the rest should be "a matter of technique". At first everything goes smoothly for him.} 23...g6 24.Nf1 $1 {Since the knight is limited by the pawn it finds a better working place.} 24...Bh6 25.Ne3 a5 26.b4 $1 {Naturally White does not want to get blocked after} ( 26.Nd2 a4 ) 26...axb4 27.axb4 R5c7 {Giri thought it was better to sacrifice the queen with} ( 27...Rc3 $5 28.Nc4 Qxb4 29.Reb1 ( {Also possible is} 29.Rab1 R8xc4 30.Bxc4 Qxc4 31.Rxb7 ) 29...R3xc4 {Most likely the worl champion would have declined the sacrifice and taken the exchange with} 30.Bxc4 $1 ( {Black has serious drawing chances after} 30.Rxb4 Rxb4 ) 30...Qxc4 31.Qxc4 Rxc4 32.Rxb7 Nxe4 33.g3 Rc1+ 34.Rxc1 Bxc1 {and White should win later.} ) 28.b5 Qc5 29.h3 {There is no need to hurry. Black was hoping for a trick} ( 29.Nc4 $2 Bxd5 $1 30.exd5 e4 31.Bxe4 Qxc4 32.Qxc4 Rxc4 33.Bd3 Rb4 {with serious drawing chances.} ) 29...Nh5 30.Qb2 Qb6 31.Qb4 Bxe3 ( {Black also calculated the desperate} 31...Rc3 32.Nc4 R8xc4 $5 33.Bxc4 Rxf3 34.gxf3 Qd8 {but abandoned it on the account of} 35.f4 $1 ( {Instead} 35.Bf1 Bf4 {keeps a lot of tricks in the position.} ) ) 32.Rxe3 Rc3 33.Rae1 {Overprotecs the rook on e3 and prepares Bd3-f1.} 33...f5 {The last desperate try.} 34.exf5 Nf4 35.Be4 R3c5 36.fxg6 hxg6 {Carlsen won another pawn and weakened the enemy king. The end is close and...miracles start to happen.} 37.Bxg6 {Was this needed? If Carlsen had won, we would have praised him for the stylish finish. Now we can criticise him for the inpractical approach.} ( 37.Nh4 {wins prosaically after} 37...Rxb5 38.Qa4 Rb4 39.Qd7 Qd8 40.Qg4 ) 37...Rxb5 38.Qe4 $2 {Misses the brilliancy. Instead} ( 38.Bf7+ $3 {would have made the Norwegians happy} 38...Kxf7 ( {Or else the checkmate will be for free after} 38...Kf8 39.Qe4 ) 39.Qe4 {The threat is Qe4-h7 followed by Nf3-g5 and checkmate. There is no escape of it as the lines prove:} 39...Kg7 ( 39...Rh8 40.Qf5+ Kg7 ( 40...Ke7 41.Nxe5 $1 {is mate} ( {although} 41.Qxf4 {wins easily as well.} ) ) 41.Ng5 Qc7 42.Ne6+ Nxe6 43.Rg3+ Kh6 44.Qg6# ) ( 39...Nxd5 40.Qh7+ Kf6 41.Nxe5 $1 dxe5 42.Rxe5 {with the unstoppable threat Re5-f5.} ) ( 39...Bxd5 40.Qf5+ Ke7 41.Qxc8 {wins tons of material.} ) ( 39...Ng6 40.Qf5+ Kg7 41.Nh4 $1 Nxh4 42.Rg3+ Kh6 43.Qf6+ Kh7 44.Qxh4# ) 40.Ng5 Kh6 41.Qh7+ Kxg5 42.Rg3+ Kf6 43.Qg7+ Kf5 44.Rg5# ) 38...Rf8 39.Nxe5 $6 {And this misses the remaining advantage.} ( {White is at least up a pawn after} 39.Nh4 Bxd5 40.Qa4 {as} 40...Bxg2 $2 {is bad due to} 41.Bd3 $1 ( {Or even} 41.Rg3 $1 ) ) 39...dxe5 40.Rg3 Rxd5 {White has plenty of discovered checks, the black kingside is a wreck and it is a draw...} 41.Qb1 {Carlsen uses his last chance. Two forced lines lead to instant draw} ( 41.Rb1 Rd1+ 42.Kh2 Rxb1 43.Bf5+ Kh8 44.Qxe5+ Qf6 45.Qc7 Rf7 46.Qb8+ Rf8 ) ( 41.Kh2 Kh8 42.Rb1 Rb5 43.Qxe5+ Rxe5 44.Rxb6 ) 41...Qxb1 42.Bxb1+ Kh8 43.Be4 Rd7 ( {Worse is} 43...Rd2 44.Bxb7 Ne2+ 45.Rxe2 Rxe2 46.f3 Rg8 47.Rxg8+ Kxg8 {followed by h3-h4, Kg1-h2-h3 and g3-g4 (Giri)} ) ( {And} 43...Rd1 44.Rxd1 Bxe4 45.Kh2 Bxg2 46.Rxg2 Nxg2 47.Kxg2 {(Giri) albeit drawish leaves Black suffering.} ) 44.Bxb7 Rxb7 45.Rxe5 {Objectively, the position is equal but it is much easier to play it as White. He risks nothing while Black has to be careful what to trade and how to arrange his forces.} 45...Rh7 46.Re4 Rhf7 47.Kh2 Kh7 48.Rf3 Kg6 49.h4 Nh5 50.Rxf7 Rxf7 51.Re2 Nf4 52.Rd2 Nh5 53.g3 Nf6 54.Kg2 Rd7 55.Ra2 Rd5 56.Ra4 Re5 57.g4 Re4 58.Rxe4 Nxe4 {Giri was happy to swap off the rooks as he felt that this should be a draw. Indeed, the theory of this engame states that it is a draw as long as the passers do not cross the equator of the board. If they (all of them!) reach the fifth rank, then it is a win.} 59.Kf3 Nd6 60.Kf4 Nf7 61.Ke4 Kf6 62.f4 Nd6+ 63.Kd5 Nb5 64.h5 Nc3+ ( {An easier fortress is} 64...Nc7+ 65.Ke4 Ne6 {since none of the white pawns can move:} 66.Ke3 ( 66.f5 Ng5+ {is a nice blockade.} ) ( 66.g5+ Nxg5+ {is an instant draw.} ) 66...Nf8 {and White can make no progress.} ) 65.Kd4 Nb5+ 66.Kc4 Nd6+ 67.Kc5 Ke6 {Giri found a good defensive set up.} ( 67...Nf7 68.Kd5 Nd8 ) 68.Kc6 Nf7 69.Kc7 Nh6 $1 {Now the pawns are blocked and Giri can keep his positive score against the world champion.} 70.g5 Nf7 71.g6 Nh6 72.Kd8 Kf5 73.Ke7 Kxf4 74.Kf8 Kg5 75.g7 Kxh5 76.g8=Q Nxg8 1/2-1/2